logo

Bir Sreshtho Munshi Abdur Rouf Library
Jhenaidah Cadet College

Digital fortress / (Record no. 2003)

MARC details
000 -LEADER
fixed length control field 01094nam a2200313 a 4500
003 - CONTROL NUMBER IDENTIFIER
JCCL marc code BD-JhCC
005 - DATE AND TIME OF LATEST TRANSACTION
control field 20221201134023.0
008 - FIXED-LENGTH DATA ELEMENTS--GENERAL INFORMATION
fixed length control field 060717s2004 nyu 000 1 eng
020 ## - INTERNATIONAL STANDARD BOOK NUMBER
International Standard Book Number 9780312995423 (pbk.)
020 ## - INTERNATIONAL STANDARD BOOK NUMBER
International Standard Book Number 0312995423 (pbk.)
035 ## - SYSTEM CONTROL NUMBER
system control number (BD-JhCC)
040 ## - CATALOGING SOURCE
Original cataloging agency DLC
Transcribing agency DLC
Modifying agency DLC
041 ## - LANGUAGE CODE
Language code of Book eng
050 00 - LIBRARY OF CONGRESS CALL NUMBER
Classification number PS3552.R685434
Item number D54 2004c
082 04 - DEWEY DECIMAL CLASSIFICATION NUMBER
Classification number 813/.54
DDC Edition number 22
Author mark and Year BRO 2004
100 1# - MAIN ENTRY--PERSONAL NAME
Personal name Brown, Dan,
Dates associated with a name 1964-
245 10 - TITLE STATEMENT
Title Digital fortress /
Statement of responsibility, etc Dan Brown.
260 ## - PUBLICATION, DISTRIBUTION, ETC. (IMPRINT)
Place of publication, distribution, etc New York :
Name of publisher, distributor, etc St. Martin's Paperbacks,
Date of publication, distribution, etc 2004.
300 ## - PHYSICAL DESCRIPTION
Pagination 429 p. ;
Dimensions 18 cm.
650 #0 - SUBJECT ADDED ENTRY--TOPICAL TERM
Topical term or geographic name as entry element Intelligence officers
Form subdivision Fiction.
650 #0 - SUBJECT ADDED ENTRY--TOPICAL TERM
Topical term or geographic name as entry element Computer security
Form subdivision Fiction.
650 #0 - SUBJECT ADDED ENTRY--TOPICAL TERM
Topical term or geographic name as entry element Cryptographers
Form subdivision Fiction.
655 #7 -
Genre/form data or focus term Suspense fiction.
Source of term gsafd
856 42 - ELECTRONIC LOCATION AND ACCESS
Materials specified Contributor biographical information
Uniform Resource Identifier http://www.loc.gov/catdir/enhancements/fy0665/2006700041-b.html
856 42 - ELECTRONIC LOCATION AND ACCESS
Materials specified Publisher description
Uniform Resource Identifier http://www.loc.gov/catdir/enhancements/fy0665/2006700041-d.html
856 41 - ELECTRONIC LOCATION AND ACCESS
Materials specified Sample text
Uniform Resource Identifier http://www.loc.gov/catdir/enhancements/fy0665/2006700041-s.html
942 ## - ADDED ENTRY ELEMENTS (KOHA)
Source of classification or shelving scheme Dewey Decimal Classification
Koha item type Books
Koha issues (borrowed), all copies 9
Holdings
Source of classification or shelving scheme Damaged status Not for loan Home library Current library Shelving location Date of accession Total Checkouts Full call number Barcode Date last seen Date checked out Copy number Koha item type
Dewey Decimal Classification     JCC Rouf Library JCC Rouf Library General Stacks 10/28/2017 6 813/.54 BRO 2004 2631 04/22/2024 03/04/2024 C-1 Books
Dewey Decimal Classification     JCC Rouf Library JCC Rouf Library General Stacks 07/28/2020 18 813/.54 BRO 2004 15974 10/03/2024 10/01/2024 C-2 Books

JCC Library | Contacts | JCC Home

Last Update on 23 September 2017
Copyright @ 2017-2020 JCC Rouf Library
Rouf Library, Jhenidah Cadet College (JCC), Bangladesh